市町村名の先頭・末尾に多く使われている文字 - Statistics

General Stats
  • This quiz has been taken 1,652 times
  • The average score is 29 of 40
Answer Stats
# % Correct
先頭 14 21
96%
末尾 1 86
96%
先頭 2 38
95%
先頭 3 36
95%
先頭 8 23
95%
先頭 11 西 22
95%
先頭 20 17
95%
末尾 5 54
95%
末尾 9 25
95%
先頭 1 71
93%
末尾 2 72
93%
先頭 10 22
90%
末尾 4 55
86%
先頭 4 35
85%
末尾 15 18
84%
先頭 6 27
81%
末尾 3 56
80%
末尾 8 26
77%
先頭 7 24
76%
末尾 6 41
76%
先頭 19 17
74%
先頭 9 22
72%
末尾 13 19
69%
末尾 7 31
67%
末尾 19 16
66%
先頭 5 27
65%
先頭 15 20
64%
末尾 14 18
59%
末尾 17 17
58%
先頭 16 20
55%
末尾 16 17
55%
先頭 18 19
54%
末尾 11 22
52%
先頭 17 19
47%
末尾 12 20
47%
先頭 13 21
46%
末尾 10 22
40%
末尾 20 16
38%
先頭 12 21
35%
末尾 18 16
25%
No matching quizzes found
Score Distribution
Percent of People with Each Score
Percentile by Number Answered
Your Score History
You have not taken this quiz